| 000 | 01351pac a2200361 i 4500 | ||
|---|---|---|---|
| 003 | EG-GICUC | ||
| 005 | 20260121101545.0 | ||
| 008 | 930608s1993 enk frb 001 0 eng d | ||
| 020 |
_a0198762658 _qacid-free paper |
||
| 020 |
_a019876264X _qpbk. : acid-free paper |
||
| 020 |
_a9780198762652 _q(acid-free paper) |
||
| 040 |
_aDLC _cDLC _dDLC _dEG-GICUC _beng _erda |
||
| 043 | _ae-uk--- | ||
| 050 | 0 | 0 |
_aKD8450 _b.O94 1993 |
| 082 | 0 | 0 |
_a343.7662042 _221 |
| 092 | 0 | 4 | _221 |
| 099 | _aLaw 10 1993 | ||
| 100 | 1 |
_aOwen, Tim, _d1958- |
|
| 245 | 1 | 0 |
_aPrison law : _btext and materials / _cTim Owen and Stephen Livingstone. |
| 264 |
_aOxford : _bClarendon Press ; _aNew York : _bOxford University Press, _c1993. |
||
| 300 |
_axxxvi, 547 page ; _c24 cm. |
||
| 336 |
_atext _btxt _2rdacontent |
||
| 337 |
_aunmediated _bn _2rdamedia |
||
| 338 |
_avolume _bnc _2rdacarrier |
||
| 504 | _aIncludes bibliographical references and index. | ||
| 650 | 0 |
_aPrisons _xLaw and legislation _zGreat Britain. |
|
| 700 | 1 |
_aLivingstone, Stephen, _d1961- |
|
| 856 | 4 | 2 | _uhttps://fll.law.cu.edu.eg/fulltext/bks/ENGB10-00115.pdf |
| 856 | 4 | 2 |
_3Publisher description _uhttp://www.loc.gov/catdir/enhancements/fy0637/93014381-d.html |
| 856 | 4 | 1 |
_3Table of contents only _uhttp://www.loc.gov/catdir/enhancements/fy0639/93014381-t.html |
| 905 | _a10 | ||
| 942 |
_2ddc _cBK _e21 _n0 |
||
| 999 |
_c52965 _d52965 |
||